000 00558nmm a2200181Ia 4500
008 251105s9999||||xx |||||||||||||||||und||
020 _a9789560105509
041 _aspa
100 _aCruz, Nicolás
245 0 _aAmérica Latina y lo clásico: lo clásico y América Latina
264 _a[Santiago de Chile, Chile] :
_bRil editores,
_c2018
300 _a342 páginas
650 _aCultural Studies
700 _aCruz, Nicolás
700 1 _a Huidobro, María Gabriela (eds.)
856 _uhttps://public.digitaliapublishing.com/a/65370
942 _cCF
999 _c64362
_d64362